| 000 | 00498nam a2200181Ia 4500 | ||
|---|---|---|---|
| 001 | 12734 | ||
| 005 | 20260306163003.0 | ||
| 008 | 260306t2004||||xx |||||||||||||| ||spa|| | ||
| 041 | _aESP | ||
| 082 |
_aRD 103 _bB83 |
||
| 100 |
_aBria, Ll.,...[et al.] _eAUT |
||
| 245 | 0 |
_aLos libros de los filósofos: _bdiccionario - resumen de 850 obras de filosofía y antología de citas |
|
| 260 | _c2004 | ||
| 300 |
_a788 páginas : _ccm. |
||
| 650 | _aGEN | ||
| 654 | _aCHU | ||
| 942 |
_cDIC _dJUS _fJUS _2ddc _n |
||
| 999 |
_c12734 _d12734 |
||